Слепият музикант (Запис номер 146316)
[ съкратено ]
| 000 -Лидер | |
|---|---|
| Контролно поле с фиксирана дължина | 02023nam a2200373 a 4500 |
| 003 - Код на организацията, давaща контролен номер | |
| Контролно поле | BLK |
| 005 - Дата и час на последна редакция | |
| Контролно поле | 20240207005339.0 |
| 008 - Елементи от данни с фиксирана дължина | |
| fixed length control field | 180410b bul|||||r ||||||| ||bul|| |
| 010 ## - Наследен системен номер | |
| LC control number | KNG00152503000 |
| 040 ## - Източник на каталожния запис | |
| Идентификатор на билиотеката - собственик на записа | BLK |
| 041 ## - Код за език | |
| Код за езика на текст/звукозапис или на отделно заглавие | Български |
| Код за езика КДБФ | Български |
| 080 ## - УДК | |
| Текстов определител УДК | Руска литература |
| УДК код - определител по УДК | 821.161.1 |
| УДК определител | -93-32 |
| УДК - код + определител | 821.161.1-93-32 |
| 100 1# - Редна дума - Автор | |
| Автор | Короленко, Владимир Галактионович |
| R(LIN) | 261783 |
| 139 ## - Редно поле | |
| Редна дума | Короленко, Владимир Галактионович |
| Авторски знак | Кор - К 85 |
| 245 10 - Сведения за заглавието | |
| Заглавие | Слепият музикант |
| Подзаглавни данни | Повест и разкази |
| Редно поле (дума) | Владимир Галактионович Короленко; прев. от рус. Асен Григоров; прев. от рус. Емилия Масларова; худож. Станимир Стоилов; състав. Майя Методиева-Драгнева; с послесл. от Георги Димитров Германов. |
| 257 ## - Страна на издаване | |
| Страна на създаване/издаване | Русия |
| 260 ## - Област на издателските данни | |
| Име на издателя, разпространителя и проч. | Отечество |
| Година на издаване | 1990 |
| Място на издаване, разпространение и проч. | София |
| 300 ## - Физическа характеристика | |
| Страници | 191 с. |
| Илюстрации и др. | с ил., портр. |
| Размери/Мащаб | 21 см |
| 380 ## - Жанр | |
| Жанр | Детска худож. лит. |
| 490 ## - СЕРИИ (Колекции) | |
| Име на серия | Избрани книги за деца и юноши |
| 9 (RLIN) | 202174 |
| 500 ## - Общи забележки | |
| Забележка | Прев. е направен от Собрание сочинений в 10 т. / В. Г. Короленко |
| 700 1# - Други автори (авторска отговорност) | |
| Лично име | Григоров, Асен |
| Автороска отговорност (Описва отношението между автора и произведението) | прев. от рус. |
| 9 (RLIN) | 380077 |
| 700 1# - Други автори (авторска отговорност) | |
| Лично име | Стоилов, Станимир |
| Автороска отговорност (Описва отношението между автора и произведението) | худож. |
| 9 (RLIN) | 320267 |
| 700 1# - Други автори (авторска отговорност) | |
| Лично име | Методиева-Драгнева, Майя |
| Автороска отговорност (Описва отношението между автора и произведението) | състав. |
| 9 (RLIN) | 380078 |
| 700 1# - Други автори (авторска отговорност) | |
| Лично име | Германов, Георги Димитров |
| Автороска отговорност (Описва отношението между автора и произведението) | с послесл. от |
| 9 (RLIN) | 364546 |
| 700 ## - Други автори (авторска отговорност) | |
| Лично име | Масларова, Емилия Любенова |
| Дати, свързани с автора | 1956- |
| 9 (RLIN) | 363911 |
| 852 ## - Местоположение | |
| Форматна сигнатура | Цб 262828 |
| 856 4# - Електронен адрес и достъп | |
| Електронен формат | pdf - файл |
| Инструкция (цена за достъп) | 1.11 |
| Права за достъп | disable |
| 856 4# - Електронен адрес и достъп | |
| Електронен формат | pdf - файл |
| Инструкция (цена за достъп) | 1.11 |
| Права за достъп | disable |
| 999 ## - СИСТЕМНИ КОНТРОЛНИ НОМЕРА | |
| Koha biblionumber | 146316 |
| Koha biblioitemnumber | 146316 |
| 942 ## - АРТИКУЛИ | |
| Вид на библиотечния материал | Книги |
| Скрит в OPAC | Не |
| Периодичен библиозапис | Да |
| 944 ## - СЪЗДАВАНЕ И РЕДАКЦИЯ на ЗАПИСА | |
| Създаване/Редакция | Създаване |
| Дата на регистрацията/редакция | 23.10.2013 |
| Статус, дата на статуса | CRON CRON |
| Служител, извършил регистрацията/редакцията | |
| 944 ## - СЪЗДАВАНЕ И РЕДАКЦИЯ на ЗАПИСА | |
| Създаване/Редакция | Редакция |
| Дата на регистрацията/редакция | 21.09.2017 |
| Статус, дата на статуса | 23.10.2013 - от С1,Р / 23.10.2013 |
| Служител, извършил регистрацията/редакцията | Кети_Илиева |
| 999 ## - СИСТЕМНИ КОНТРОЛНИ НОМЕРА | |
| Koha biblioitemnumber | 146316 |
| Код за отписване | Код за изгубен артикул | Източник на класификационната схема | Код за повреда | Коз за рестрикции | Код за отдаване | Артикулен № | Име на библиотеката - собственик | Име на библиотеката, в която се намира в момента | Статус (Текущо местоположение) | Дата на вписване в системата | Местоположение - отдел | Цена в лева | Инвентарен номер | Систематично азбучна сигнатура | Баркод | Номер на екземпляра | Цена в евро | Служебна бележка | Служебен тип на артикула | Бележка за публиката |
|---|---|---|---|---|---|---|---|---|---|---|---|---|---|---|---|---|---|---|---|---|
| Не е изгубен | Universal Decimal Classification | Не е повреден | без рестрикции | ползва се в читалня | 243211 | Регионална библиотека "Любен Каравелов" Русе | Регионална библиотека "Любен Каравелов" Русе | Хранилище | 1990-01-01 | Хранилище | 1.11 | 541375 | Цб 262828 | 120000541375 | 1 | 0.57 | Вид: СФ Дата: 01.01.1990 | Книги | ||
| Изтеглен | Не е изгубен | Не е повреден | без рестрикции | заемане за дома | 243212 | Регионална библиотека "Любен Каравелов" Русе | Регионална библиотека "Любен Каравелов" Русе | 1990-01-01 | Детски отдел | 1.11 | 538595 | ДХ 820/899/К 85 | 538595 | 2 | 0.57 | Вид: СФ Дата: 01.01.1990 Дата инв: 11.09.2015 Бележки инв: Д2015 | Книги | Отч.N: 46/17 , Дата: 04.10.2017 | ||
| Изтеглен | Не е изгубен | Не е повреден | без рестрикции | заемане за дома | 243213 | Регионална библиотека "Любен Каравелов" Русе | Регионална библиотека "Любен Каравелов" Русе | 1990-01-01 | Детски отдел | 1.11 | 538596 | ДХ 820/899/К 85 | 538596 | 3 | 0.57 | Вид: СФ Дата: 01.01.1990 Дата инв: 11.09.2015 Бележки инв: Д2015 | Книги | Отч.N: 35/2017 , Дата: 05.09.2017 | ||
| Изтеглен | Не е изгубен | Не е повреден | без рестрикции | заемане за дома | 243214 | Регионална библиотека "Любен Каравелов" Русе | Регионална библиотека "Любен Каравелов" Русе | Детски отдел | 1990-01-01 | Детски отдел | 1.11 | 538597 | ДХ 820/899/К 85 | 538597 | 4 | 0.57 | Вид: СФ Дата: 01.01.1990 Дата инв: 11.09.2015 Бележки инв: Д2015 | Книги | ||
| Изтеглен | Не е изгубен | Не е повреден | без рестрикции | заемане за дома | 243215 | Регионална библиотека "Любен Каравелов" Русе | Регионална библиотека "Любен Каравелов" Русе | 1990-01-01 | Детски отдел | 1.11 | 538598 | ДХ 820/899/К 85 | 538598 | 5 | 0.57 | Вид: СФ Дата: 01.01.1990 Дата инв: 11.09.2015 Бележки инв: Д2015 | Книги | Отч.N: 46/17 , Дата: 04.10.2017 |